000 00357pab a2200157 454500
008 180718b1985 xxu||||| |||| 00| 0 eng d
100 _aFoxman , Loretta D.
245 _aCareer counselor
260 _c1985
300 _a26-7
362 _aSept.
650 _aCareer Service
700 _aWalter L. Polsky
773 _aPersonnel Journal
909 _a5146
999 _c5146
_d5146